000 00327nam a2200133Ia 4500
008 151001s9999||||xx |||||||||||||| ||und||
100 _aवॅलेस आयर्वीग
245 _aद मीरँकल
250 _a1
260 _bचीरानी
260 _c2001
300 _a9
365 _b21
999 _c978339
_d978336